Statystyki dla QUIZ O SAMOCHODACH

Kliknij tutaj aby rozwiązać quiz!

Ogólne statystyki

  • Ten quiz został rozwiązany 56 razy
  • Średni wynik to 9 z 11

Statystyki odpowiedzi

HintOdpowiedź% Poprawnych
AUDINIEMCY
98%
CITROENFRANCJA
88%
VOLWOSZWECJA
84%
FIATWŁOCHY
84%
LADAROSJA
81%
MAZDAJAPONIA
79%
SEATHISZPANIA
74%
HYUNDAIKOREA POŁUDNIOWA
72%
MCLARENWIELKA BRYTANIA
72%
FORDUSA
65%
TATAINDIE
63%

Rozkład punktacji

Percentyl według liczby udzielonych odpowiedzi

Procent ludzi z każdym wynikiem

Twoja historia wyników

Nie rozwiązałeś tego quizu